Ο μάγος
Αποθηκεύτηκε σε:
| Κύριος συγγραφέας: | |
|---|---|
| Μορφή: | Βιβλίο |
| Γλώσσα: | Greek English |
| Δημοσίευση: |
Αθήνα :
Βιβλιοπωλείον της Εστίας,
1997.
|
| Έκδοση: | 3η έκδ. |
| Σειρά: | Ξένη λογοτεχνία (Εστία)
|
| Θέματα: | |
| Ετικέτες: |
Προσθήκη ετικέτας
Δεν υπάρχουν, Καταχωρήστε ετικέτα πρώτοι!
|
MARC
| LEADER | 00000cam a2200000 i 4500 | ||
|---|---|---|---|
| 001 | 1/10353 | ||
| 008 | 100930s1997 gr | ||| |||| ||gre|| | ||
| 020 | |a 9600507473 | ||
| 035 | |l 10108983 | ||
| 040 | |a GR-MyUa |b gre |e AACR2 | ||
| 041 | 1 | |a gre |h eng | |
| 082 | 7 | |a 823 |2 (22) | |
| 100 | 1 | |a Fowles, John, |d 1926-2005. | |
| 245 | 1 | 2 | |a Ο μάγος / |c Τζών Φώουλς ; εισαγωγή Τζών Φώουλς ; μετάφραση Φαίδων Ταμβακάκης. |
| 250 | |a 3η έκδ. | ||
| 260 | |a Αθήνα : |b Βιβλιοπωλείον της Εστίας, |c 1997. | ||
| 300 | |a 775 σ. ; |c 21 εκ. | ||
| 490 | 1 | |a (Ξένη λογοτεχνία / Εστία) | |
| 500 | |a Τίτλος πρωτοτύπου: The magus. | ||
| 650 | 0 | |a English fiction. | |
| 830 | 0 | |a Ξένη λογοτεχνία (Εστία) | |
| 852 | |a INST |b SAMOS |e 20201007 |h 823 FOW |p 005300046677 |q 005300046677 |t BK |y 0 | ||
| 852 | |a INST |b SYROS |e 20100930 |h 823 FOW |p 005500009591 |q 005500009591 |t BK |y 0 | ||
| 901 | |a BIBL5-2010-3 | ||
| 970 | |a Κοντού |b Παρασκευή |z 30/09/2010 | ||